|
|
|
|
| LEADER |
00748nab a2200181 i 4500 |
| 001 |
misc6876 |
| 005 |
20191106144353.0 |
| 008 |
170607s1893 hu o 0|| hun d |
| 022 |
|
|
|a 0025-0260
|
| 040 |
|
|
|a SZTE Miscellanea Repozitórium
|b hun
|
| 041 |
|
|
|a hun
|
| 100 |
1 |
|
|a Waldapfel János
|
| 245 |
1 |
0 |
|a Brassai Sámuel
|h [elektronikus dokumentum] :
|b A módszerről : irodalom /
|c Waldapfel János
|
| 260 |
|
|
|c 1893
|
| 300 |
|
|
|a 485-491
|
| 490 |
0 |
|
|a Magyar pedagógia : a Magyar Tudományos Akadémia Pedagógiai Bizottságának folyóirata
|v 2
|
| 695 |
|
|
|a Brassai Sámuel, Oktatásügy Magyarország 19. sz., Pedagógia magyar 19. sz., Brassai Sámuel, Módszertan
|
| 856 |
4 |
0 |
|u http://misc.bibl.u-szeged.hu/6876/1/mp_1893_0137_485-491.pdf
|z Dokumentum-elérés
|